[Event "AUTO-MASTER-756"]
[Site "http://www.queenalice.com/game.php?id=704917"]
[Date "2009.12.28"]
[Round "3"]
[White "jsm"]
[Black "johnson_PEBR"]
[Result "0-1"]
[WhiteElo "2078"]
[BlackElo "2170"]

1. e4 Nf6 2. e5 Nd5 3. c4 Nb6 4. d4 d6 5. exd6 cxd6 6. Nc3 g6 7. Nf3 Bg7 8. Be2
Nc6 9. O-O O-O 10. Re1 Bg4 11. d5 Bxf3 12. gxf3 Ne5 13. Bg5 Re8 14. Rc1 Nexc4
15. Qb3 Ne5 16. f4 Ned7 17. Nb5 Nc5 18. Qf3 Bxb2 19. Rc2 Bg7 20. f5 a6 21. Nd4
Bxd4 22. h4 Qd7 23. fxg6 hxg6 24. Qf4 Qf5 25. Qxd4 Qxc2 26. Bh6 f6 27. Bg4 Qc4
28. Qd1 Kh7 29. Bc1 Nd3 30. Be2 Qxc1 31. Qxd3 Qxe1+ 32. Kg2 Nxd5 33. Qxd5 Qxe2
0-1

[Event "AUTO-MASTER-756"]
[Site "http://www.queenalice.com/game.php?id=704918"]
[Date "2009.12.28"]
[Round "3"]
[White "johnson_PEBR"]
[Black "jsm"]
[Result "1-0"]
[WhiteElo "2177"]
[BlackElo "2099"]

1. e4 e6 2. d4 d5 3. Bd3 Nf6 4. Bg5 Be7 5. e5 Ng8 6. Be3 c5 7. Qg4 g6 8. dxc5
Nc6 9. c3 a5 10. Bb5 h5 11. Qe2 Nh6 12. Nf3 Nf5 13. Nbd2 Bd7 14. a4 Qc7 15. Bd4
g5 16. h3 O-O-O 17. Nb3 g4 18. Nfd2 g3 19. f4 h4 20. Nf3 Rdg8 21. O-O Kb8 22.
Kh1 Kc8 23. Bg1 Kb8 24. Nfd4 Nfxd4 25. cxd4 f6 26. Be3 fxe5 27. dxe5 Rf8 28.
Bxc6 Bxc6 29. Bd2 b6 30. cxb6 Qxb6 31. Nxa5 Ba8 32. b4 Rc8 33. Qd3 d4 34. Rac1
Rhd8 35. b5 Ka7 36. Qh7 Rc7 37. Nc6+ Bxc6 38. Rxc6 Qb7 39. Ba5 Rdd7 40. Bxc7
Rxc7 41. Rfc1 Rd7 42. Qg8 d3 43. Ra6+ Qxa6 44. bxa6 d2 45. Rd1 Rc7 46. Qxe6 Bb4
47. Qd5 1-0

[Event "AUTO-MASTER-756"]
[Site "http://www.queenalice.com/game.php?id=704921"]
[Date "2009.12.28"]
[Round "3"]
[White "johnson_PEBR"]
[Black "Alligator427"]
[Result "1/2-1/2"]
[WhiteElo "2143"]
[BlackElo "2295"]

1. Nf3 Nf6 2. c4 e6 3. Nc3 Bb4 4. d4 c5 5. e3 O-O 6. Bd3 d5 7. O-O Nc6 8. a3
Bxc3 9. bxc3 dxc4 10. Bxc4 Na5 11. Be2 Qc7 12. Rb1 Rd8 13. c4 Bd7 14. Bb2 Bc6
15. Bc3 Ne4 16. Qc2 Nxc3 17. Qxc3 Be4 18. Rb5 Nc6 19. Rxc5 Qe7 20. Rb5 Rac8 21.
Rc1 a6 22. Rb6 Rc7 23. Nd2 Bg6 24. Bf3 Na7 25. Qb4 Qxb4 26. Rxb4 Rdd7 27. a4 e5
28. Nb3 exd4 29. exd4 Nc6 30. Bxc6 Rxc6 31. c5 Re6 32. Na5 Be4 33. c6 Bxc6 34.
Nxc6 Rc7 35. d5 Re8 36. Rbc4 bxc6 37. Rxc6 Rxc6 38. dxc6 Rc8 39. c7 Kf8 40. g3
Ke7 41. Rc6 Kd7 42. Rxa6 Rxc7 43. Ra8 h6 44. g4 Rc4 45. h3 Ke6 46. a5 Ra4 47. a6
Kf6 48. Kg2 g6 49. Kg3 Ra3+ 50. f3 Ra2 51. h4 Ra5 52. a7 Kg7 53. Kf2 Ra3 54. Ke2
Kf6 55. Kd2 Kg7 56. g5 hxg5 57. hxg5 Ra2+ 58. Kc3 1/2-1/2

[Event "AUTO-MASTER-756"]
[Site "http://www.queenalice.com/game.php?id=704922"]
[Date "2009.12.28"]
[Round "3"]
[White "Alligator427"]
[Black "johnson_PEBR"]
[Result "0-1"]
[WhiteElo "2290"]
[BlackElo "2148"]

1. e4 Nf6 2. Nc3 d5 3. exd5 Nxd5 4. Bc4 e6 5. Nf3 Be7 6. O-O O-O 7. d4 Bf6 8.
Ne4 Be7 9. c3 Nd7 10. Qc2 Re8 11. Re1 c6 12. Bd2 Nf8 13. Rad1 f6 14. a4 a6 15.
Ba2 Qc7 16. Bb1 b5 17. Bc1 Bd7 18. Nc5 Bxc5 19. dxc5 e5 20. c4 bxc4 21. Qxc4 Be6
22. Qc2 g6 23. Nd2 Nd7 24. Ne4 Bf5 25. Qc4 Reb8 26. Ba2 Kg7 27. Nd6 Be6 28. Bb1
Qa5 29. Qh4 h5 30. Qg3 Nf8 31. Nc4 Qxa4 32. Nxe5 h4 33. Qf3 fxe5 34. Rxe5 Bg4
35. Rdxd5 Bxf3 36. Re7+ Kg8 37. Rd6 Rd8 38. gxf3 Rxd6 39. cxd6 Qd1+ 40. Kg2 Qxc1
0-1

[Event "AUTO-ADV-1251"]
[Site "http://www.queenalice.com/game.php?id=708592"]
[Date "2010.1.5"]
[Round "2"]
[White "leokhine"]
[Black "johnson_PEBR"]
[Result "0-1"]
[WhiteElo "1867"]
[BlackElo "2183"]

1. d4 g6 2. c4 Bg7 3. e3 Nf6 4. Nf3 d5 5. Nc3 O-O 6. Be2 e6 7. O-O Nbd7 8. Re1
b6 9. cxd5 exd5 10. Bb5 a6 11. Bd3 Re8 12. e4 dxe4 13. Nxe4 Bb7 14. Nxf6+ Nxf6
15. Rxe8+ Nxe8 16. Be3 Qd5 17. Qe2 Nd6 18. b3 b5 19. Rc1 c6 20. Rc5 Qe6 21. Ng5
Qe7 22. h3 Nf5 23. Bxf5 Bxd4 24. Rc1 Bxe3 25. Qxe3 Qxe3 26. fxe3 gxf5 27. Nf3
Rd8 28. Nh4 Rd5 29. Rf1 Bc8 30. Rc1 c5 31. Kh2 a5 32. a3 Re5 33. Rc3 Be6 34. Nf3
Rd5 35. Ng5 Re5 36. Kg3 h6 37. Nf3 Rd5 38. Kf4 f6 39. e4 fxe4 40. Kxe4 Kf7 41.
g4 Ke7 42. Kf4 Kd6 43. Ke4 h5 44. gxh5 Bxh3 45. h6 Rh5 46. Rd3+ Kc6 47. Ke3 Bf5
48. Rc3 Kd5 49. a4 bxa4 50. bxa4 c4 51. Rc1 Kc5 52. Nd2 Bd3 53. Nb3+ Kb4 0-1

[Event "AUTO-ADV-1251"]
[Site "http://www.queenalice.com/game.php?id=708593"]
[Date "2010.1.5"]
[Round "2"]
[White "johnson_PEBR"]
[Black "leokhine"]
[Result "1-0"]
[WhiteElo "2179"]
[BlackElo "1869"]

1. Nf3 d5 2. c4 e6 3. d4 c5 4. cxd5 exd5 5. Nc3 Nf6 6. g3 Nc6 7. Bg2 Be6 8. O-O
Be7 9. h3 Qd7 10. Ne5 Nxe5 11. dxe5 Ng8 12. Kh2 f6 13. Nxd5 Bxd5 14. Qxd5 Qxd5
15. Bxd5 Rb8 16. e6 Bd6 17. e4 Ne7 18. a4 O-O 19. Bc4 a6 20. a5 Rfe8 21. f4 Nc6
22. Bd2 Nd4 23. Bc3 Nxe6 24. f5 Kf8 25. fxe6 Ke7 26. e5 Bxe5 27. Bxe5 fxe5 28.
Rf7+ 1-0

[Event "AUTO-ADV-1251"]
[Site "http://www.queenalice.com/game.php?id=708594"]
[Date "2010.1.5"]
[Round "2"]
[White "Vader1d4"]
[Black "johnson_PEBR"]
[Result "1/2-1/2"]
[WhiteElo "2088"]
[BlackElo "2196"]

1. c4 e5 2. g3 d5 3. cxd5 Nf6 4. Bg2 Nxd5 5. Nf3 Nc6 6. O-O Be6 7. d3 Be7 8. b3
Qd7 9. Bb2 f6 10. Nbd2 Rd8 11. Rc1 Bh3 12. Ne4 O-O 13. a3 Bxg2 14. Kxg2 Qg4 15.
e3 f5 16. Nc5 e4 17. Ne5 Qxd1 18. Rfxd1 Nxe5 19. Bxe5 Bxc5 20. Rxc5 c6 21. d4
Rfe8 22. Rdc1 g5 23. b4 a6 24. Re1 g4 25. Rh1 Re6 26. Rhc1 Kf7 27. h4 gxh3+ 28.
Kxh3 Rh6+ 29. Kg2 Rg6 30. Rh1 Kg8 31. Rhc1 Rd7 32. Kh3 Re7 33. Kh2 Ree6 34. Kg2
Re8 35. Kh2 Rd8 36. Kg2 h5 37. Rh1 Rh6 38. Rh4 Kf7 39. Rc1 Rg8 40. Rch1 Kg6 41.
Rc1 Kf7 42. Rch1 Kg6 43. Rc1 Re8 44. Rc5 Rd8 45. Rc1 Rd7 46. Rc5 Kf7 47. Rc1 Nb6
48. Bf4 Rh7 49. Rc2 Kg6 50. Be5 Na4 51. Bf4 Rd5 52. Be5 Nb6 53. Bf4 Na4 54. Be5
1/2-1/2

[Event "AUTO-ADV-1251"]
[Site "http://www.queenalice.com/game.php?id=708595"]
[Date "2010.1.5"]
[Round "2"]
[White "johnson_PEBR"]
[Black "Vader1d4"]
[Result "1-0"]
[WhiteElo "2187"]
[BlackElo "2100"]

1. g3 Nf6 2. Bg2 g6 3. c4 Bg7 4. Nc3 O-O 5. Nf3 d6 6. d4 Nbd7 7. O-O c6 8. Qc2
Re8 9. e4 e5 10. Rd1 Qc7 11. dxe5 dxe5 12. h3 Nc5 13. Be3 Ne6 14. b4 Bd7 15.
Rab1 Rad8 16. Rd2 Bc8 17. Rbd1 Rxd2 18. Rxd2 Rd8 19. a4 Nd7 20. a5 b6 21. axb6
axb6 22. Bf1 Bb7 23. Na4 c5 24. Nc3 cxb4 25. Nd5 Bxd5 26. exd5 Nec5 27. Rd1 Qd6
28. Nd2 Nf6 29. Qb1 Na4 30. Qb3 Nc3 31. Ra1 h6 32. Nb1 Nfe4 33. f3 Nxg3 34. Nxc3
bxc3 35. Qxb6 Nxf1 36. Qxd6 Rxd6 37. Kxf1 Rd8 38. Rc1 f5 39. Rxc3 f4 40. Bb6 Rb8
41. c5 e4 42. Rc4 e3 43. Rxf4 Re8 44. Ke2 1-0

[Event "QA-ANNIV-05"]
[Site "http://www.queenalice.com/game.php?id=723786"]
[Date "2010.2.1"]
[Round "3"]
[White "johnson_PEBR"]
[Black "mrhooper"]
[Result "1-0"]
[WhiteElo "2163"]
[BlackElo "2000"]

1. e4 c5 2. Nf3 d6 3. d4 cxd4 4. Nxd4 Nf6 5. Nc3 a6 6. a4 e5 7. Nb3 Be6 8. Be2
d5 9. exd5 Nxd5 10. Nxd5 Bxd5 11. O-O Nc6 12. Re1 Nd4 13. Nxd4 exd4 14. Bb5# 1-0

[Event "AUTO-MASTER-1074"]
[Site "http://www.queenalice.com/game.php?id=748964"]
[Date "2010.3.20"]
[Round "1"]
[White "johnson_PEBR"]
[Black "dossoman"]
[Result "0-1"]
[WhiteElo "2193"]
[BlackElo "2162"]

1. Nf3 d5 2. c4 c6 3. d4 Nf6 4. Nc3 g6 5. e3 Bg7 6. Be2 O-O 7. O-O dxc4 8. Bxc4
Bg4 9. h3 Bxf3 10. Qxf3 Nbd7 11. Rd1 Qc7 12. e4 e5 13. Be3 exd4 14. Bxd4 Ne5 15.
Qg3 Nh5 16. Qh2 Rad8 17. Kh1 Rxd4 18. Rxd4 Qb6 19. Rad1 Qxb2 20. Be2 Qxc3 21.
Bxh5 gxh5 22. Qg3 Qxg3 23. fxg3 c5 24. Rd8 c4 25. R1d5 c3 26. Rxf8+ Bxf8 0-1

[Event "AUTO-MASTER-1074"]
[Site "http://www.queenalice.com/game.php?id=748965"]
[Date "2010.3.20"]
[Round "1"]
[White "dossoman"]
[Black "johnson_PEBR"]
[Result "1-0"]
[WhiteElo "2184"]
[BlackElo "2189"]

1. d4 Nf6 2. c4 e6 3. Nf3 d5 4. g3 h6 5. Bg2 Nbd7 6. O-O c6 7. Qc2 Bd6 8. Rd1
O-O 9. b3 Re8 10. Nc3 b6 11. e4 dxe4 12. Nxe4 Nxe4 13. Qxe4 Bb7 14. Bb2 Qc7 15.
Ne5 Nxe5 16. dxe5 Be7 17. Rd3 Red8 18. Rad1 Rxd3 19. Rxd3 Rd8 20. h3 a5 21. Qe2
Rxd3 22. Qxd3 Qd8 23. Qxd8+ Bxd8 24. Ba3 Bc7 25. f4 f6 26. exf6 gxf6 27. Kf2 Kf7
28. Ke3 e5 29. f5 Bc8 30. g4 Bd7 31. Be4 Kg8 32. Kf3 Kf7 33. h4 Kg8 34. g5 hxg5
35. hxg5 fxg5 36. Kg4 Kg7 37. Bc1 Bd6 38. Be3 b5 39. Bxg5 bxc4 40. bxc4 Bb4 41.
Kh4 Be1+ 42. Kh5 Be8+ 43. Kg4 Bf7 44. Bd3 Kf8 45. Bf6 Bc3 46. Be2 Ke8 47. Bg5
Kd7 48. Be3 Kd6 49. Kg5 Ke7 50. Bc5+ Ke8 51. a4 Kd7 52. Kf6 Be8 53. Kg7 e4+ 54.
f6 Bb4 55. Bg4+ Kc7 56. Bd4 1-0

[Event "AUTO-MASTER-1074"]
[Site "http://www.queenalice.com/game.php?id=748966"]
[Date "2010.3.20"]
[Round "1"]
[White "johnson_PEBR"]
[Black "Herivelto"]
[Result "1-0"]
[WhiteElo "2191"]
[BlackElo "1919"]

1. Nf3 c5 2. d4 cxd4 3. Qxd4 Nc6 4. Qa4 a6 5. Nd4 e5 6. Nf3 b5 7. Qb3 d5 8. c3
Bd6 9. Qxd5 Nge7 10. Qd1 O-O 11. e4 b4 12. Bd3 bxc3 13. bxc3 Bg4 14. O-O Bc5 15.
Qe2 a5 16. Nbd2 Ng6 17. Nc4 Nf4 18. Bxf4 exf4 19. Rfd1 Qe7 20. e5 Rad8 21. Qe4
Rxd3 22. Rxd3 Bxf3 23. Rxf3 Qe6 24. Rxf4 f5 25. exf6 Qxe4 26. Rxe4 Rxf6 27. Rf1
Kf7 28. g3 Rf3 29. Ne3 Kf6 30. Kg2 Rf5 31. Nxf5 Kxf5 32. Rc4 1-0

[Event "AUTO-MASTER-1074"]
[Site "http://www.queenalice.com/game.php?id=748967"]
[Date "2010.3.20"]
[Round "1"]
[White "Herivelto"]
[Black "johnson_PEBR"]
[Result "0-1"]
[WhiteElo "1906"]
[BlackElo "2187"]

1. Nf3 e6 2. c4 d5 3. cxd5 exd5 4. b3 Nf6 5. Bb2 c5 6. d3 Nc6 7. d4 cxd4 8. Nxd4
Bc5 9. g3 Qb6 10. e3 O-O 11. Bg2 Bg4 12. f3 Rfe8 13. Kf2 Rxe3 14. Kxe3 Re8+ 15.
Kd2 Bxd4 16. Bc3 Ne4+ 17. fxe4 Bxd1 18. Rxd1 Bxc3+ 19. Nxc3 Qf2+ 20. Kc1 Nb4 21.
Rd2 Qe1+ 22. Nd1 Rc8+ 0-1

[Event "AUTO-MASTER-1074"]
[Site "http://www.queenalice.com/game.php?id=748968"]
[Date "2010.3.20"]
[Round "1"]
[White "johnson_PEBR"]
[Black "CSilva"]
[Result "1-0"]
[WhiteElo "2185"]
[BlackElo "1925"]

1. Nf3 Nc6 2. c4 e5 3. Nc3 Nf6 4. d4 exd4 5. Nxd4 Nxd4 6. Qxd4 Be7 7. e4 O-O 8.
Nd5 c5 9. Nxf6+ Bxf6 10. Qxc5 d6 11. Qe3 Be6 12. Be2 Qc7 13. Bd2 Bxb2 14. Rb1
Ba3 15. Qxa3 b6 16. Qb4 1-0

[Event "AUTO-MASTER-1074"]
[Site "http://www.queenalice.com/game.php?id=748969"]
[Date "2010.3.20"]
[Round "1"]
[White "CSilva"]
[Black "johnson_PEBR"]
[Result "0-1"]
[WhiteElo "1931"]
[BlackElo "2180"]

1. e4 Nf6 2. e5 Nd5 3. d4 d6 4. Qf3 dxe5 5. Bc4 e6 6. dxe5 Nc6 7. Bf4 Nd4 8. Qe4
Nxc2+ 9. Qxc2 Nxf4 10. Qe4 Nd5 11. Bxd5 exd5 12. Qd4 c5 13. Qa4+ Bd7 14. Qb3 Qg5
15. Qxd5 Bc6 0-1

[Event "AUTO-MASTER-984"]
[Site "http://www.queenalice.com/game.php?id=749235"]
[Date "2010.3.20"]
[Round "2"]
[White "johnson_PEBR"]
[Black "cereus"]
[Result "1/2-1/2"]
[WhiteElo "2186"]
[BlackElo "2299"]

1. c4 Nf6 2. d4 g6 3. Nc3 Bg7 4. e4 d6 5. Nf3 O-O 6. Be2 e5 7. Be3 Ng4 8. Bg5 f6
9. Bh4 g5 10. Bg3 Nh6 11. Qd2 g4 12. Nh4 Nc6 13. d5 Nd4 14. O-O f5 15. exf5
Nxe2+ 16. Nxe2 Nxf5 17. Nxf5 Bxf5 18. f3 gxf3 19. Rxf3 Qd7 20. Raf1 Bg6 21. Nc3
Rxf3 22. gxf3 Rf8 23. Ne4 Bh5 24. Kg2 Bxf3+ 25. Rxf3 Rxf3 26. Kxf3 Qf5+ 27. Bf4
Bh6 28. Qg2+ Kf8 29. Qg4 Qxf4+ 30. Qxf4+ Bxf4 31. h3 Kf7 32. b4 Bc1 33. c5 Ke7
34. cxd6+ cxd6 35. b5 Bh6 36. Kg4 Be3 37. Kf5 Bc1 38. h4 Be3 39. h5 Bc1 40. a4
Be3 41. a5 a6 42. bxa6 bxa6 43. Nf6 h6 44. Kg6 Bd2 45. Ne4 Bc1 46. Kg7 Bf4 47.
Kg8 Bc1 48. Kg7 Bf4 49. Kg8 Bc1 50. Kg7 1/2-1/2

[Event "AUTO-MASTER-984"]
[Site "http://www.queenalice.com/game.php?id=749236"]
[Date "2010.3.20"]
[Round "2"]
[White "cereus"]
[Black "johnson_PEBR"]
[Result "1-0"]
[WhiteElo "2279"]
[BlackElo "2195"]

1. d4 e6 2. Nf3 d5 3. c4 Be7 4. Nc3 Nf6 5. Bg5 Nbd7 6. e3 c6 7. Qc2 Qa5 8. cxd5
cxd5 9. Bd3 h6 10. Bh4 a6 11. O-O O-O 12. Rac1 Re8 13. Ne2 Bd6 14. Bg3 Bxg3 15.
Nxg3 e5 16. dxe5 Nxe5 17. Nxe5 Rxe5 18. Qc7 Qxc7 19. Rxc7 Ne8 20. Rc5 Be6 21.
Rfc1 f5 22. Nf1 Bf7 23. f4 Re6 24. Bxf5 Rd6 25. b3 g6 26. Bd3 Kg7 27. Kf2 Be6
28. Nd2 Rad8 29. Nf3 b6 30. Rc6 b5 31. Nd4 Bg8 32. a4 bxa4 33. bxa4 a5 34. Rxd6
Rxd6 35. Rc5 Nf6 36. Rxa5 Rb6 37. Rb5 Rxb5 38. Bxb5 1-0

[Event "AUTO-MASTER-984"]
[Site "http://www.queenalice.com/game.php?id=749237"]
[Date "2010.3.20"]
[Round "2"]
[White "johnson_PEBR"]
[Black "BEBADO"]
[Result "1-0"]
[WhiteElo "2195"]
[BlackElo "2187"]

1. c4 Nf6 2. d4 g6 3. Nc3 Bg7 4. e4 d6 5. Be2 O-O 6. Be3 e5 7. Nf3 Ng4 8. Bg5 f6
9. Bh4 Nc6 10. h3 Nh6 11. dxe5 dxe5 12. Qd5+ Nf7 13. Qxd8 Nfxd8 14. Nd5 Ne6 15.
Rd1 g5 16. Bg3 Rf7 17. b4 Ncd4 18. Nxd4 Nxd4 19. Rxd4 exd4 20. Nxc7 Rb8 21. Nb5
Ra8 22. a4 Bd7 23. Nd6 Re7 24. b5 b6 25. Bf3 Rd8 26. Kd2 Bc8 27. Kd3 Bf8 28. Re1
Rg7 29. e5 Bxd6 30. Bd5+ Kf8 31. exd6 f5 32. Be5 Rg6 33. Kxd4 Rgxd6 34. Bxd6+
Rxd6 35. c5 1-0

[Event "AUTO-MASTER-984"]
[Site "http://www.queenalice.com/game.php?id=749238"]
[Date "2010.3.20"]
[Round "2"]
[White "BEBADO"]
[Black "johnson_PEBR"]
[Result "1-0"]
[WhiteElo "2202"]
[BlackElo "2207"]

1. e4 e6 2. d3 c5 3. Nf3 d5 4. Nbd2 Nf6 5. g3 Nc6 6. Bg2 Be7 7. O-O Qc7 8. Re1
O-O 9. e5 Nd7 10. Qe2 b5 11. Nf1 Re8 12. Bf4 Nb6 13. h4 Na4 14. Rab1 b4 15. N1h2
Qd8 16. Ng4 f6 17. exf6 gxf6 18. Nh6+ Kg7 19. Nh2 e5 20. Bd2 Rf8 21. g4 Nd4 22.
Qd1 Nb6 23. c3 Nc6 24. Qf3 Be6 25. Nf5+ Kh8 26. c4 Nd4 27. Nxd4 cxd4 28. b3 Rg8
29. g5 Qf8 30. Kh1 a5 31. gxf6 Bxf6 32. Bg5 Bg7 33. Ng4 Qxf3 34. Bxf3 Nd7 35.
cxd5 Bxg4 36. Bxg4 Nb6 37. Be6 Rgf8 38. Re2 Ra7 39. h5 h6 40. Bh4 a4 41. bxa4
Nxa4 42. Rxb4 Nc3 43. Rc2 Nxa2 44. Rb1 Nc3 45. Re1 Rf3 46. Bg3 Rxd3 47. Bxe5 Ra6
48. f4 1-0

[Event "Konstan 2010"]
[Site "http://www.queenalice.com/game.php?id=752148"]
[Date "2010.3.26"]
[Round "1"]
[White "johnson_PEBR"]
[Black "marcosnatal"]
[Result "0-1"]
[WhiteElo "2193"]
[BlackElo "2253"]

1. Nf3 Nf6 2. c4 e6 3. d4 Bb4+ 4. Bd2 Nc6 5. a3 Bxd2+ 6. Nbxd2 d5 7. e3 O-O 8.
Bd3 Ng4 9. h3 Nf6 10. Qc2 Re8 11. Ne5 g6 12. Ndf3 Nxe5 13. Nxe5 Nd7 14. b4 Nxe5
15. dxe5 f6 16. exf6 Qxf6 17. O-O c6 18. Rfd1 Rf8 19. Ra2 e5 20. cxd5 cxd5 21.
Qc5 Be6 22. Rad2 e4 23. Bf1 Rfc8 24. Qb5 Rc7 25. a4 Rf8 26. a5 Qc3 27. Rd4 Kg7
28. Qa4 Qc2 29. Qxc2 Rxc2 30. R1d2 Rc1 31. Rd1 Rxd1 32. Rxd1 Kf6 33. Rd4 Ke5 34.
Be2 Rf6 35. b5 h6 36. Bd1 Bd7 37. f4+ Rxf4 38. Rxd5+ Kxd5 39. exf4 Bxb5 40. g4
Kd4 41. h4 e3 42. f5 gxf5 43. g5 hxg5 44. h5 f4 0-1

[Event "QA-ANNIV-05"]
[Site "http://www.queenalice.com/game.php?id=758976"]
[Date "2010.4.10"]
[Round "4"]
[White "yclaudiu35"]
[Black "johnson_PEBR"]
[Result "0-1"]
[WhiteElo "1920"]
[BlackElo "2189"]

1. e4 e6 2. Nf3 d5 3. exd5 exd5 4. d4 Be7 5. Nc3 Nf6 6. Bg5 Nbd7 7. Bb5 c6 8.
Ba4 b5 9. Bb3 a5 10. a3 Ba6 11. Ne2 O-O 12. O-O Re8 13. Re1 Bd6 14. a4 Qc7 15.
Bh4 Ne4 16. Nc3 Ndf6 17. Bxf6 Nxf6 18. Rxe8+ Rxe8 19. axb5 Bxb5 20. h3 Bf4 21.
Ba4 Ba6 22. g4 g5 23. Ne1 Rb8 24. Bb3 c5 25. dxc5 Qxc5 26. Nxd5 Ne4 27. Qf3 Nd2
28. Nf6+ Kh8 29. Qd5 Qxd5 30. Bxd5 Rxb2 31. Bxf7 Bc7 32. Nd5 Bc4 33. Nxc7 Bxf7
34. Rd1 Rb1 35. Rxb1 Nxb1 36. Kf1 a4 37. Nd3 Bc4 0-1

[Event "QA-ANNIV-05"]
[Site "http://www.queenalice.com/game.php?id=793747"]
[Date "2010.6.23"]
[Round "5"]
[White "johnson_PEBR"]
[Black "GreyRaven"]
[Result "1-0"]
[WhiteElo "2186"]
[BlackElo "1765"]

1. Nf3 d6 2. d4 Nf6 3. c4 g6 4. Nc3 Bg7 5. e4 O-O 6. Be3 c6 7. Qd2 Ng4 8. Bg5
Nd7 9. h3 Ngf6 10. Bh6 b6 11. Bd3 Bb7 12. O-O 1-0

[Event "Konstan 2010"]
[Site "http://www.queenalice.com/game.php?id=821769"]
[Date "2010.8.22"]
[Round "2"]
[White "CCapivara"]
[Black "johnson_PEBR"]
[Result "1-0"]
[WhiteElo "2021"]
[BlackElo "2180"]

1. e4 c5 2. Nf3 e6 3. Nc3 Nc6 4. Be2 Nf6 5. O-O Be7 6. a3 O-O 7. d4 cxd4 8. Nxd4
d5 9. exd5 Nxd5 10. Nxd5 exd5 11. Bf3 Bf6 12. Be3 Ne5 13. Be2 Nc4 14. Bxc4 dxc4
15. c3 Bd7 16. Qe2 Qc7 17. Rad1 Rae8 18. Rfe1 Re4 19. Qf3 Rfe8 20. h3 Bxd4 21.
Rxd4 Rxd4 22. cxd4 c3 23. bxc3 Qxc3 24. Rc1 Qxa3 25. Rc7 Bc8 26. Qxf7+ 1-0

[Event "Konstan 2010"]
[Site "http://www.queenalice.com/game.php?id=878566"]
[Date "2010.12.29"]
[Round "4"]
[White "Pato"]
[Black "johnson_PEBR"]
[Result "1-0"]
[WhiteElo "2169"]
[BlackElo "2163"]

1. e4 Nf6 2. Bc4 Nxe4 3. Bxf7+ Kxf7 4. Qh5+ g6 5. Qd5+ e6 6. Qxe4 Bg7 7. d4 Rf8
8. Nf3 d6 9. O-O Kg8 10. Bg5 Qe8 11. Nc3 a6 12. Rfe1 Qf7 13. Bh4 h6 14. Rad1 Qf5
15. Bg3 g5 16. h3 Kh7 17. Re2 Kg6 18. Rde1 Rf7 19. Nd1 Nc6 20. c3 Bd7 21. Qe3 b5
22. Qc1 Kh7 23. Ne3 Qg6 24. Ng4 Raf8 25. b3 a5 26. Qd2 Ne7 27. c4 Nf5 28. Bh2 b4
29. c5 dxc5 30. Nge5 Qh5 31. Nxf7 Rxf7 32. dxc5 Bc3 33. Qd3 Bc6 34. Ne5 1-0